A mobilidade geográfica e sócio-profissional induzida pelo sistema de formacão profissional (Record no. 45704)

MARC details
000 -Etiqueta do registo
Valores 00765cam a2200229 4500
021 ## - Número do Depósito Legal
Número 62914/93
100 ## - Dados gerais de processamento
Dados gerais 19930414d1993 m a0pory5003 ba
101 0# - Língua de publicação
Língua por
102 ## - País de publicação
País PT
200 1# - Titulo e menção de responsabilidade
Título próprio A mobilidade geográfica e sócio-profissional induzida pelo sistema de formacão profissional
Primeira menção de responsabilidade Fernando Honório
205 ## - Menção da edição
Edição 1.ª ed.
210 #9 - Publicação
Local de publicação Lisboa
Nome do editor Instituto de Ciências Sociais
-- Instituto da Juventude,
Data de publicação 1993
215 ## - Descrição física 
Paginação / Volumes 51 p.
Outras indicações físicas il.
Dimensões 23 cm
225 2# - Colecção 
Título próprio da colecção Estudos de juventude
Informação de outro título cadernos do Instituto de Ciências Sociais
Indicação de volume 2
606 ## - Nome comum usado como assunto
Palavra de ordem Mobilidade social
Subdivisão assunto Contribuicões da formacão profissional
675 ## - CDU
Notação 377
Edição BN
Língua por
675 ## - CDU
Notação 316.4
Edição BN
Língua por
700 #1 - Autor principal
Apelido Honório,
Nome Fernando
801 #0 - Fonte de origem
País PT
Agência BN
Regras de catalogação RPC
990 ## - Elementos KOHA
Tipo de documento Livro
Holdings
Aquisição Empréstimo Código de barras Cota Permissão de empréstimo Tipo de documento
Biblioteca Municipal de Redondo Biblioteca Municipal de Redondo 056412 377 HON   Livro

Powered by Koha